The Vampire Diaries - Statistiques

Statistiques générales
  • Ce quiz a été pris 761 fois
  • Le résultat moyen est 18 sur 36
Statistiques - réponses
Salvatore % Correct
Damon
99%
Stefan
98%
Elena
97%
Elena
97%
Klaus
97%
Bonnie
95%
Caroline
94%
Katherine
87%
Elijah
84%
Enzo
77%
Rebekah
75%
Silas
73%
Kol
66%
Finn
54%
Amara
49%
Kai
44%
Tom
40%
Sarah
39%
Tatia
38%
Tyler
36%
Sybil
35%
Mikael
33%
Nora
31%
Olivia
29%
Mary Louise
28%
Valerie
27%
Zach
23%
Josette
20%
Luke
19%
Beau
18%
Lillian
18%
Seline
18%
Alaric
17%
Oscar
7%
Malcolm
5%
Joshua
3%
Aucun quiz correspondant
Distribution des résultats
% des personnes avec chaque résultat
Percentile par nombre de réponses
Votre historique - résultats
Vous n’avez pas pris ce quiz